00928nam a22002537a 450000500170000001000110001702000100002803500110003803700160004904000120006508200130007710000280009024501110011826000330022927000590026230000260032165000560034765000550040370000280045870000290048694200220051599900190053795201180055620170124110038.0 a859432 c55.00 a859432 bCen Lib/Ret aDPLbEN a333bDIA aDial, Rameshwar 915225 aThe urban land (ceiling and regulation) act, 1976cby Rameshwar Dial, Sharda Aggarwal [and] Adarsh B. Dial aDelhibAnand Law Housec1976 bDelhia2776, Bhatnagar Building, Kashmere Gatee110006 axxxii,103p.c24cm(Hb) aCity planning and redevelopment law -- India923053 aLand reform -- Law and legislation -- India923054 aAggarwal, Sharda923055 a. Dial, Adarsh B. 93012 2ddccENh333mDIA c128323d128323 00104070aLbLd2015-07-02eCen Lib/Retg0.00l0o333 DIAp859432r2015-07-02 00:00:00t1v0.00w2015-07-02yEN